| 000 | 01167nam a22003017a 4500 | ||
|---|---|---|---|
| 003 | OSt | ||
| 005 | 20140310181658.0 | ||
| 008 | 010918s2001 maua j 000 1 eng | ||
| 010 | _a 2001276594 | ||
| 020 | _a0006754023 | ||
| 040 |
_aDLC _cDLC _dDLC _dWaU _dDLC |
||
| 050 | 0 | 0 |
_aPR 6039.O32 _b.T649 1998 |
| 082 | 0 | 0 |
_aCLA T57h _b1998 |
| 100 | 1 |
_aTolkien, J. R. R. _q(John Ronald Reuel), _93610 |
|
| 245 | 1 | 4 |
_aThe hobbit, or, there and back again / _cJ.R.R. Tolkien. |
| 260 |
_aLondon : _bHarperCollins, _cc1998. |
||
| 300 |
_a364 p. _bill. ; _c19 cm. |
||
| 541 | _j1 | ||
| 562 | _e1 | ||
| 650 |
_a Classics _92808 |
||
| 655 | 0 |
_aFantasy fiction. _93053 |
|
| 700 | 1 |
_aLee, Alan, _eill. _93611 |
|
| 856 | 4 | 1 |
_3Sample text _uhttp://www.loc.gov/catdir/samples/hm051/2001276594.html |
| 856 | 4 | 2 |
_3Reading group guide _uhttp://www.houghtonmifflinbooks.com/readers_guides/hobbit/index.shtml _zValid as of Nov. 21, 2002 |
| 856 | 4 | 2 |
_3Publisher description _uhttp://www.loc.gov/catdir/description/hm021/2001276594.html |
| 856 | 4 | 2 |
_3Contributor biographical information _uhttp://www.loc.gov/catdir/enhancements/fy0736/2001276594-b.html |
| 942 |
_2lcc _cBBK _kCLA |
||
| 999 |
_c1149 _d1149 |
||